000 00751cab a2200277 4500
001 MEN6
008 090401t1982 xxu||||| |||| 00| 0 eng d
035 _a(Sirsi) u15041
041 _aeng
100 _aSmith, R.W.
245 _aGeographical primer to martime boundary-making
260 _c1982
350 _a0
490 _aEstates Gazette
_v12(1/2) 1982, 1-22(22)
520 _aCitation from CSM article `Marine space and the surveyor` CSM:M 3(3) November 1993. Stored on gallery.
650 _aBoundary disputes
_96221
650 _aCHARTS
650 _aDATUMS
650 _aLINES
650 _aMARITIME
650 _aOFFSHORE RESOURCES
650 _aSPHEROIDS
690 _aMARINE RESOURCES
942 _n0
948 _c04/03/1997
999 _c9823
_d9823